Kľúčové charakteristiky vzdelávania v hospodárskych a sociálnych výzvach

Kľúčové charakteristiky vzdelávania v Európe a hlavné faktory, ktoré majú významný vplyv na úroveň dosiahnutého vzdelania v podmienkach vedomostnej spoločnosti. Hospodárske a sociálne výzvy, ktoré zdôrazňujú potrebu reforiem jednotlivých stupňov vzdelávania a odbornej prípravy. Význam kvalitného pre...

Descrizione completa

Salvato in:
Dettagli Bibliografici
Autore principale: Polonyová, Simona, 1985-
Natura: Capitolo di libro
Lingua:slovacco
Soggetti:
Tags: Aggiungi Tag
Nessun Tag, puoi essere il primo ad aggiungerne!!

MARC

LEADER 00000nla$a2200000$$$4500
001 0125177
005 20240502072426.6
041 0 |a slo 
044 |a SK 
245 1 0 |a Kľúčové charakteristiky vzdelávania v hospodárskych a sociálnych výzvach  |c Simona Polonyová 
520 |a Kľúčové charakteristiky vzdelávania v Európe a hlavné faktory, ktoré majú významný vplyv na úroveň dosiahnutého vzdelania v podmienkach vedomostnej spoločnosti. Hospodárske a sociálne výzvy, ktoré zdôrazňujú potrebu reforiem jednotlivých stupňov vzdelávania a odbornej prípravy. Význam kvalitného predškolského vzdelávania a starostlivosti ako kritického faktora v procese celoživotného vzdelávania. Prehľad o politickej spolupráci v oblasti vzdelávania a odbornej prípravy v rámci EÚ. 
610 2 0 |a vzdelávanie celoživotné 
610 2 0 |a kvalita 
610 2 0 |a efektívnosť 
610 2 0 |a pohyb síl pracovných 
610 2 0 |a trh práce 
610 2 0 |a spolupráca medzinárodná 
610 2 0 |a spoločnosť vedomostná 
610 2 0 |a Európska únia 
610 2 0 |a výchova 
100 1 |a Polonyová, Simona, 1985-